000 00417nam a2200157Ia 4500
008 230917s9999||||xx |||||||||||||| ||und||
040 _e128232
_aMAIN
041 _aEnglish
082 _a342.54 S36C
100 _aSeervai, H M
245 0 _aConstitutional law of India: a critical commentary
250 _a2nd ed.
260 _aBombay
_bN M Tripathi
_c1976
300 _axvi, 1581-2029 p. + various
942 _cBK
999 _c203207
_d203207